Theatre, public, societe = Teatro, publico, sociedad / (Record no. 92682)
[ view plain ]
| 000 -LEADER | |
|---|---|
| fixed length control field | 01651nam a22003137a 4500 |
| 005 - DATE AND TIME OF LATEST TRANSACTION | |
| control field | 20150511134602.0 |
| 008 - FIXED-LENGTH DATA ELEMENTS--GENERAL INFORMATION | |
| fixed length control field | 150507b fr ||||| |||| 00| 0 fra d |
| 020 ## - INTERNATIONAL STANDARD BOOK NUMBER | |
| International Standard Book Number | 2908912619 |
| 050 04 - LIBRARY OF CONGRESS CALL NUMBER | |
| Classification number | PN2621 |
| Item number | C65 1996 |
| 111 1# - MAIN ENTRY--MEETING NAME | |
| Meeting name or jurisdiction name as entry element | Colloque International sur le theatre hispanique, hispano-americain et mexicain en France. |
| Location of meeting | (Universite de Perpignan) |
| Number of part/section/meeting | 3 : |
| Date of meeting | 1996 |
| 245 10 - TITLE STATEMENT | |
| Title | Theatre, public, societe = Teatro, publico, sociedad / |
| Statement of responsibility, etc | [edite par] Daniel Meyran, Alejandro Ortiz, Francis Sureda : Teatro, publico, sociedad |
| 250 ## - EDITION STATEMENT | |
| Edition statement | 1a ed. |
| 260 ## - PUBLICATION, DISTRIBUTION, ETC. (IMPRINT) | |
| Place of publication, distribution, etc | [Perpignan] : |
| Name of publisher, distributor, etc | Centre de Recherches Iberiques et Latino-Americaines de l'Universite de Perpignan : |b Presses Universitaires de Perpignan |
| Date of publication, distribution, etc | 1988 |
| 300 ## - PHYSICAL DESCRIPTION | |
| Extent | 559 p. ; |
| Dimensions | 24 cm. |
| 440 #0 - SERIES STATEMENT/ADDED ENTRY--TITLE | |
| Title | Collection Etudes |
| 500 ## - GENERAL NOTE | |
| General note | Subtitulo: Actes du IIIe Colloque international sur le theatre hispanique, hispano-americain et mexicain en France, 10, 11 et 12 octobre 1996, Universite de Perpignan |
| 500 ## - GENERAL NOTE | |
| General note | "Ouvrage oublie avec le concours du Conseil scientifique de I'Université de Perpignan et de la Régión Languedoc-Roussillon . |
| 504 ## - BIBLIOGRAPHY, ETC. NOTE | |
| Bibliography, etc | Incluye referencias bibliograficas |
| 650 ## - SUBJECT ADDED ENTRY--TOPICAL TERM | |
| Topical term or geographic name as entry element | Teatro y sociedad |
| Geographic subdivision | Francia |
| Form subdivision | Congresos |
| 650 #4 - SUBJECT ADDED ENTRY--TOPICAL TERM | |
| Topical term or geographic name as entry element | Teatro y sociedad |
| Geographic subdivision | España |
| Form subdivision | Congresos |
| 650 ## - SUBJECT ADDED ENTRY--TOPICAL TERM | |
| Topical term or geographic name as entry element | Teatro y sociedad |
| Geographic subdivision | México |
| Form subdivision | Congresos |
| 650 ## - SUBJECT ADDED ENTRY--TOPICAL TERM | |
| Topical term or geographic name as entry element | Drama español |
| General subdivision | Historia y critica |
| Form subdivision | Congresos |
| 650 ## - SUBJECT ADDED ENTRY--TOPICAL TERM | |
| Topical term or geographic name as entry element | Drama latinoamericano |
| General subdivision | Historia y critica |
| Form subdivision | Congresos |
| 650 ## - SUBJECT ADDED ENTRY--TOPICAL TERM | |
| Topical term or geographic name as entry element | Drama mexicano |
| General subdivision | Historia y critica |
| Form subdivision | Congresos |
| 700 ## - ADDED ENTRY--PERSONAL NAME | |
| Personal name | Meyran, Daniel, |
| Fuller form of name | editor |
| 700 ## - ADDED ENTRY--PERSONAL NAME | |
| Personal name | Ortiz, Alejandro, |
| Fuller form of name | editor |
| 700 ## - ADDED ENTRY--PERSONAL NAME | |
| Personal name | Sureda, Francis, |
| Fuller form of name | editor |
| 942 ## - ADDED ENTRY ELEMENTS (KOHA) | |
| Source of classification or shelving scheme | Biblioteca del Cogreso de los Estados Unidos |
| Koha item type | Libro |
| Estado de pérdida | Fuente de clasificación | Estado del daño | No para préstamo | Ubicación permanente | Ubicación actual | Apartado o colección | Fecha de adquisición | Fuente de adquisición | Edición | Enumeración de Serie / Cronológica | Área del conocimiento | Clasificación | Código de Barras | Date last seen | Número de copia | Tipo de recurso | Nota pública |
|---|---|---|---|---|---|---|---|---|---|---|---|---|---|---|---|---|---|
| Biblioteca del Cogreso de los Estados Unidos | Biblioteca de la Facultad de Letras | Biblioteca de la Facultad de Letras | General | 07/05/2015 | Donación | 1a ed. | LLH000006243 | Educación y Humanidades | PN2621 C65 1996 | LLH000006243 | 07/05/2015 | C:1 | Libro | General |